The Term Structure of Growth-at-Risk /

Using panel quantile regressions for 11 advanced and 10 emerging market economies, we show that the conditional distribution of GDP growth depends on financial conditions, with growth-at-risk (GaR)-defined as growth at the lower 5th percentile-more responsive than the median or upper percentiles. In...

Descrición completa

Detalles Bibliográficos
Autor Principal: Adrian, Tobias
Outros autores: Grinberg, Federico, Liang, Nellie, Malik, Sheheryar
Formato: Revista
Idioma:English
Publicado: Washington, D.C. : International Monetary Fund, 2018.
Series:IMF Working Papers; Working Paper ; No. 2018/180
Acceso en liña:Full text available on IMF
LEADER 01952cas a2200277 a 4500
001 AALejournalIMF018709
008 230101c9999 xx r poo 0 0eng d
020 |c 5.00 USD 
020 |z 9781484372364 
022 |a 1018-5941 
040 |a BD-DhAAL  |c BD-DhAAL 
100 1 |a Adrian, Tobias. 
245 1 4 |a The Term Structure of Growth-at-Risk /  |c Tobias Adrian, Federico Grinberg, Nellie Liang, Sheheryar Malik. 
264 1 |a Washington, D.C. :  |b International Monetary Fund,  |c 2018. 
300 |a 1 online resource (40 pages) 
490 1 |a IMF Working Papers 
500 |a <strong>Off-Campus Access:</strong> No User ID or Password Required 
500 |a <strong>On-Campus Access:</strong> No User ID or Password Required 
506 |a Electronic access restricted to authorized BRAC University faculty, staff and students 
520 3 |a Using panel quantile regressions for 11 advanced and 10 emerging market economies, we show that the conditional distribution of GDP growth depends on financial conditions, with growth-at-risk (GaR)-defined as growth at the lower 5th percentile-more responsive than the median or upper percentiles. In addition, the term structure of GaR features an intertemporal tradeoff: GaR is higher in the short run; but lower in the medium run when initial financial conditions are loose relative to typical levels, and the tradeoff is amplified by a credit boom. This shift in the growth distribution generally is not incorporated when solving dynamic stochastic general equilibrium models with macrofinancial linkages, which suggests downside risks to GDP growth are systematically underestimated. 
538 |a Mode of access: Internet 
700 1 |a Grinberg, Federico. 
700 1 |a Liang, Nellie. 
700 1 |a Malik, Sheheryar. 
830 0 |a IMF Working Papers; Working Paper ;  |v No. 2018/180 
856 4 0 |z Full text available on IMF  |u http://elibrary.imf.org/view/journals/001/2018/180/001.2018.issue-180-en.xml  |z IMF e-Library